ORDER In Words Quiz Stats

Quiz Updated Jul 14, 2016

Also try: Only One Vowel
Challenge
Share
Tweet
Embed
Score 0/17 Timer 01:30
4 Plays Today
% Correct
BORDERLINE
93.5%
ORDERLINESS
87.7%
CORDILLERA
80.2%
CORIANDER
77.9%
HOARDERS
77.8%
COMRADERY
76.4%
BOMBARDIER
73.5%
JOYRIDER
71.9%
COPRODUCER
71%
% Correct
RECORDER
69.5%
OBTRUDER
68.8%
COUNTERDEMONSTRATION
66.5%
OVERDECORATED
63.8%
PROOFREADER
52.6%
SNOWBOARDER
48.4%
WORDMONGERS
42.1%
WORLDLIER
42%

You're not logged in!

Compare scores with friends on all Sporcle quizzes.
Sign Up with Email
OR
Log In

You Might Also Like...

Show Comments

Extras

Top Quizzes Today


Score Distribution

Your Account Isn't Verified!

In order to create a playlist on Sporcle, you need to verify the email address you used during registration. Go to your Sporcle Settings to finish the process.